000 00376nam a2200133 a 4500
001 000037737
005 20201002031116.0
008 130304s1987 sp a 000 0 spa d
020 _a8440402988
040 _aDO-SdBNP
_bspa
_cBNPHU
245 0 3 _aEl viaje a traves del tiempo.
260 _aMadrid :
_bCentro Cultural del Conde Duque,
_c1987.
300 _a104 p. :
_bils. ;
_c25 cm.
999 _c37227
_d37227